000 00796nam a2200253 a 4500
003 MX-MxUPN
005 20231024063656.0
008 220303s1940 mx a|||| |||| 000 0 spa d
040 _aMX-MxUPN
_bspa
_cMX-MxUPN
041 0 _aspa
049 _aLT
050 4 _aLB1589 M6.1
_bR6.2 1940
100 1 _aRozán, José E.
_943865
245 1 0 _aAritmética y nociones de geometría :
_bprimer grado /
_cJosé E. Rozán.
250 _a2a ed.
260 _aMéxico, D.F. :
_bProgreso,
_c1940.
300 _a175 p. :
_bil.
650 4 _aAritmética
_xEstudio y enseñanza (Elemental)
_95289
650 4 _aGeometría
_xEstudio y enseñanza (Elemental)
_94869
650 4 _aAritmética
_vLibros de texto
_944734
650 4 _aGeometría
_vLibros de texto
_944735
905 _aLibro
999 _c208203
_d208203